Fulham Current Squad - Statistics

General Stats
  • This quiz has been taken 9 times
    5 since last reset
  • The average score is 17 of 25
Answer Stats
Hint Answer % Correct
1 Bernd Leno
100%
3 Calvin Bassey
100%
6 Harrison Reed
100%
8 Harry Wilson
100%
5 Joachim Andersen
100%
2 Kenny Tete
100%
7 Raúl Jiménez
100%
17 Alex Iwobi
67%
33 Antonee Robinson
67%
23 Benjamin Lecomte
67%
22 Kevin
67%
Marco Silva
67%
14 Oscar Bobb
67%
9 Rodrigo Muniz
67%
30 Ryan Sessegnon
67%
19 Samuel Chukwueze
67%
16 Sander Berge
67%
20 Saša Lukić
67%
21 Timothy Castagne
67%
10 Tom Cairney
67%
32 Emile Smith Rowe
33%
31 Issa Diop
33%
18 Jonah Kusi-Asare
33%
15 Jorge Cuenca
33%
24 Josh King
33%
No matching quizzes found
Score Distribution
Percent of People with Each Score
Percentile by Number Answered
Your Score History
You have not taken this quiz since the last reset